Sex offender treatment : a case study approach to issues and interventions (Record no. 80435)
[ view plain ]
| 000 -LEADER | |
|---|---|
| fixed length control field | 00884nam a2200169 a 4500 |
| 008 - FIXED-LENGTH DATA ELEMENTS--GENERAL INFORMATION | |
| fixed length control field | 200623s2015 ||||||||||||||||| || u |
| 020 ## - INTERNATIONAL STANDARD BOOK NUMBER | |
| International Standard Book Number | 9781118674406 |
| 050 ## - LIBRARY OF CONGRESS CALL NUMBER | |
| Classification number | HV 6556 Wil |
| 100 ## - MAIN ENTRY--PERSONAL NAME | |
| Personal name | Wilcox, Daniel T |
| 245 10 - TITLE STATEMENT | |
| Title | Sex offender treatment : a case study approach to issues and interventions |
| Statement of responsibility, etc. | Edited by Daniel T. Wilcox, Tanya Garrett and Leigh Harkins |
| 260 ## - PUBLICATION, DISTRIBUTION, ETC. | |
| Place of publication, distribution, etc. | West Sussex |
| Name of publisher, distributor, etc. | John Wiley & Sons Ltd |
| Date of publication, distribution, etc. | 2015 |
| 300 ## - PHYSICAL DESCRIPTION | |
| Extent | xxiii, 399 pages : illustrations |
| 650 ## - SUBJECT ADDED ENTRY--TOPICAL TERM | |
| Topical term or geographic name entry element | PSYCHOSEXUAL DISORDERS--TREATMENT |
| 650 ## - SUBJECT ADDED ENTRY--TOPICAL TERM | |
| Topical term or geographic name entry element | SEX OFFENDERS--PSYCHOLOGY |
| 995 ## - | |
| -- | MAIN LIBRARY OPEN ACCESS |
| -- | 56.77 |
| -- | 750332 |
| -- | CBU-MAIN LIBRARY (Kitwe) |
| -- | HV 6556 Wil |
| -- | 1 |
| -- | AVAILABLE |
| -- | Jul 1, 2020 |
| -- | 750332 |
| -- | Main Library Open Access Collection |
| 995 ## - | |
| -- | MAIN LIBRARY OPEN ACCESS |
| -- | 56.77 |
| -- | 750179 |
| -- | CBU-MAIN LIBRARY (Kitwe) |
| -- | HV 6556 Wil |
| -- | 2 |
| -- | AVAILABLE |
| -- | Aug 26, 2020 |
| -- | 750179 |
| -- | Main Library Open Access Collection |
| 999 ## - | |
| -- | 80435 |
| -- | 80435 |
| Withdrawn status | Lost status | Source of classification or shelving scheme | Damaged status | Not for loan | Permanent Location | Current Location | Shelving location | Date acquired | Total Checkouts | Full call number | Barcode | Date last seen | Copy number | Price effective from | Koha item type |
|---|---|---|---|---|---|---|---|---|---|---|---|---|---|---|---|
| CBU-MAIN LIBRARY, KITWE. | CBU-MAIN LIBRARY, KITWE. | 06/29/2023 | HV 6556 Wil | 750332 | 06/29/2023 | 1 | 06/29/2023 | MONOGRAPH | |||||||
| CBU-MAIN LIBRARY, KITWE. | CBU-MAIN LIBRARY, KITWE. | 06/29/2023 | HV 6556 Wil | 750179 | 06/29/2023 | 2 | 06/29/2023 | MONOGRAPH |